Cuestiones actuales del derecho penal económico /

Guardado en:
Autor Principal: Jaén Vallejo, Manuel.
Formato: Libro
Idioma:Undetermined
Publicado: Buenos Aires : Ad Hoc, 2004.
Edición:1a. ed.
Materias:
Etiquetas: Agregar Etiqueta
Sin Etiquetas, Sea el primero en etiquetar este registro!
LEADER 01004nam a22001815a 4500
001 DER.der015173
008 250421s2004####ag############000#0#und#d
005 20250421174413.0
245 1 0 |a Cuestiones actuales del derecho penal económico /  |c Manuel Jaén Vallejo. 
250 |a 1a. ed. 
260 |a Buenos Aires :  |b Ad Hoc,  |c 2004. 
300 |a 183 p. 
500 |a Cuestiones de parte general: técnicas legislativas. Responsabilidad en el ámbito de la empresa. Interrupción del plazo de prescripción. Responsabilidad penal de las personas jurídicas. 
500 |a Cuestiones de parte especial: criminalidad informática. Falsificación de tarjetas de crédito. Fraudes de subvenciones. El delito fiscal. Administración desleal de patrimonios ajenos. Delitos contra la propiedad industrial e intelectual. Aspectos orgánicos y derechos fundamentales procesales. 
020 |a 9508944390 
100 1 |a Jaén Vallejo, Manuel. 
650 7 |a DERECHO PROCESAL PENAL 
859 |a DERECHO  |b BIB. DERECHO  |h 345.023  |i JAE  |p 0010573